000
00247nam a2200109Ia 4500
008
190216s9999||||xx |||||||||||||| ||und||
100
_a
Maman Mapila
245
0
_a
Maman Mapila Oru Padanam
260
_b
Iup Books
650
_a
Padanam
942
_c
BK
999
_c
25180
_d
25180